Asian capitals - Sudden death! - Statistics

General Stats
  • This quiz has been taken 32 times
  • The average score is 14 of 20
Answers on the Grid
Answers color-coded by a green-red scale on the quiz's grid according to % correct below.
Tokyo
Amman
Shanghai
Baku
Mumbai
Bali
Dhaka
Damascus
Beijing
Karachi
Doha
Jakarta
Busan
Tashkent
Osaka
Kuala Lumpur
Manila
Riyadh
Ho chi minh city
Malé
Astana
Dubai
Istanbul
Ankara
Singapore
Kathmandu
Penang
Muscat
Abu Dhabi
Surabaya
New Delhi
Colombo
 
Answer Stats
Answer % Correct
Tokyo
100%
Baku
83%
Beijing
83%
Dhaka
83%
Damascus
78%
Amman
74%
Doha
74%
Jakarta
74%
Kuala Lumpur
74%
Ankara
70%
New Delhi
70%
Riyadh
70%
Abu Dhabi
65%
Kathmandu
65%
Manila
65%
Tashkent
65%
Astana
61%
Malé
61%
Singapore
61%
Muscat
57%
No matching quizzes found
Score Distribution
Percent of People with Each Score
Percentile by Number Answered
Your Score History
You have not taken this quiz